Speciální elektronické součástky a jejich aplikace : Přednášky

Salvato in:
Dettagli Bibliografici
Autori principali: Svačina, Jiří (Autore), Novotný, Vlastislav (Autore)
Natura: Libro
Lingua:ceco
Pubblicazione: Brno : Vysoké učení technické v Brně, 1999
Soggetti:
Tags: Aggiungi Tag
Nessun Tag, puoi essere il primo ad aggiungerne!!

MARC

LEADER 00000nam a22000003a 4500
001 stu76434
005 20150617225645.4
008 020702s1999----xr------------------cze-d
020 |a 80-214-1455-3 
040 |a STU  |b slo 
041 0 |a cze 
044 |a xr 
080 |a 621.396.69 
080 |a 621.382(075.8) 
100 1 |a Svačina, Jiří  |4 aut 
245 1 |a Speciální elektronické součástky a jejich aplikace :  |b Přednášky 
260 |a Brno :  |b Vysoké učení technické v Brně,  |c 1999 
300 |a 104 s 
650 7 |a elektronické súčiastky  |2 stusub 
650 7 |a polovodiče  |2 stusub 
650 7 |a Diódy  |2 stusub 
650 7 |a tranzistory  |2 stusub 
700 1 |a Novotný, Vlastislav  |4 aut 
996 |b 284EK84513  |c E*84513  |l EE01  |s A  |a 24  |w stu76434_0001